00602nam a2200169 a 450000100100000000500170001000800410002704000250006808200200009310000410011324500710015426000350022530000210026050000320028150000730031365000460038600001716420240229161930.0100319s1956 ag r 000 p spa d aDO-SdBNPbspacBNPHU aRD861.09bP438e1 aPérez, Carlos Federico,d1912-198410aEvolución de la poética dominicana /cCarlos Federico Pérez. aBuenos Aires :bPoblet,c1956. a270 p. ;c21 cm. aIncluye índice nominativo aIncluye referencias bibliográficas y notas al pie de las páginas 4aPoesía dominicanaxHistoria y crítica